<?xml version="1.0" encoding="UTF-8"?>
<record
    xmlns:xsi="http://www.w3.org/2001/XMLSchema-instance"
    xsi:schemaLocation="http://www.loc.gov/MARC21/slim http://www.loc.gov/standards/marcxml/schema/MARC21slim.xsd"
    xmlns="http://www.loc.gov/MARC21/slim">

  <leader>01617nam a2200193 i 4500</leader>
  <controlfield tag="001">94989</controlfield>
  <controlfield tag="003">ES-MaACL</controlfield>
  <controlfield tag="005">20250823063047.0</controlfield>
  <controlfield tag="007">t|</controlfield>
  <controlfield tag="008">050519m1906    sp           ||||1| spa d</controlfield>
  <datafield tag="100" ind1="0" ind2=" ">
    <subfield code="a">Luis de Granada, </subfield>
    <subfield code="c">(O.P.), </subfield>
    <subfield code="d">1504-1588</subfield>
    <subfield code="9">74687</subfield>
  </datafield>
  <datafield tag="245" ind1="1" ind2="0">
    <subfield code="a">Obras de Fray Luis de Granada / </subfield>
    <subfield code="c">edici&#xF3;n cr&#xED;tica y completas por Fr. Justo Cuervo.</subfield>
  </datafield>
  <datafield tag="260" ind1=" " ind2=" ">
    <subfield code="a">Madrid : </subfield>
    <subfield code="b">Vda. e Hija de G&#xF3;mez Fuentenebro, </subfield>
    <subfield code="c">1906-</subfield>
  </datafield>
  <datafield tag="300" ind1=" " ind2=" ">
    <subfield code="a">14 v. ; </subfield>
    <subfield code="c">26 cm.</subfield>
  </datafield>
  <datafield tag="505" ind1="8" ind2=" ">
    <subfield code="a">Contiene: I. Gu&#xED;a de Pecadores -- II. Libro de la Oraci&#xF3;n y meditaci&#xF3;n -- III. Memorial de la Vida Cristiana -- IV. Adiciones al Memorial de la Vida Cristiana -- V-IX. Introducci&#xF3;n del Simbolo de la F&#xE9; -- X. Gu&#xED;a de Pecadores (texto primitivo).- Tratado de la Oraci&#xF3;n y Meditaci&#xF3;n (Compendio) -- XI. Manual de Oraciones.- Manual de oraciones (ampliado).- Memorial de lo que debe hacer el cristiano.- Tratado de algunas oraciones.- Vita Christi.- Tratado de Meditaci&#xF3;n.- Recopilaci&#xF3;n del Libro de la Oraci&#xF3;n -- XII. Imitaci&#xF3;n de Cristo.- Escala Espiritual.- Oraciones y ejercicios espirituales -- XIII. Compendio de Doctrina Cristiana (trad. del P. Cuervo) -- XIV. Doctrina Espiritual.- Di&#xE1;logo de la Encarnaci&#xF3;n.- Serm&#xF3;n de la Redenci&#xF3;n. Vida del B. Juan de Avila.- Vida del V.D. Fr. Bartolom&#xE9; de los Martires. Vida del Cardenal D. Enrique, rey de Portugal.- Vida de Sor Ana de la Concepcion, franciscana.- Vida de Do&#xF1;a Elvira de Mendoza.- Vida de Melicia Hern&#xE1;ndez.- Cartas.- Serm&#xF3;n en las caidas p&#xFA;blicas</subfield>
  </datafield>
  <datafield tag="700" ind1="1" ind2=" ">
    <subfield code="a">Cuervo, Justo.</subfield>
    <subfield code="9">42016</subfield>
  </datafield>
  <datafield tag="852" ind1=" " ind2=" ">
    <subfield code="a">ES-MaACL</subfield>
    <subfield code="j">G-3994-4007</subfield>
  </datafield>
  <datafield tag="999" ind1=" " ind2=" ">
    <subfield code="c">94989</subfield>
    <subfield code="d">94989</subfield>
  </datafield>
  <datafield tag="952" ind1=" " ind2=" ">
    <subfield code="0">0</subfield>
    <subfield code="1">0</subfield>
    <subfield code="4">0</subfield>
    <subfield code="7">0</subfield>
    <subfield code="a">ATENEOM</subfield>
    <subfield code="b">ATENEOM</subfield>
    <subfield code="c">DEPO2</subfield>
    <subfield code="d">2008-01-17</subfield>
    <subfield code="e">SC</subfield>
    <subfield code="l">0</subfield>
    <subfield code="o">G-3994-4007</subfield>
    <subfield code="p">1099197</subfield>
    <subfield code="r">2023-02-23 00:00:00</subfield>
    <subfield code="w">2023-02-23</subfield>
    <subfield code="y">MONOGRAFIA</subfield>
  </datafield>
</record>
